Common pelvic ultrasound findings among infertile women in Zimbabwe / (Record no. 172822)

MARC details
000 -LEADER
fixed length control field 01199nam a22002777a 4500
003 - CONTROL NUMBER IDENTIFIER
control field OSt
005 - DATE AND TIME OF LATEST TRANSACTION
control field 20260505123538.0
008 - FIXED-LENGTH DATA ELEMENTS--GENERAL INFORMATION
fixed length control field 260505b |||||||| |||| 00| 0 eng d
040 ## - CATALOGING SOURCE
Original cataloging agency NUST
Language of cataloging eng
Transcribing agency NUST
Modifying agency NUST
Description conventions rda
050 ## - LIBRARY OF CONGRESS CALL NUMBER
Classification number RC581.U45 MAT
100 ## - MAIN ENTRY--PERSONAL NAME
Personal name Matombo, Faith
Relator term author
245 ## - TITLE STATEMENT
Title Common pelvic ultrasound findings among infertile women in Zimbabwe /
Statement of responsibility Faith Matombo.
260 ## - PUBLICATION, DISTRIBUTION, ETC.
Place of publication, distribution, etc. Bulawayo, Zimbabwe :
Name of publisher, distributor, etc. National University of Science and Technology,
Date of publication, distribution, etc. ©2020.
300 ## - PHYSICAL DESCRIPTION
Extent viii, 52 pages :
Other physical details illustrations ;
Dimensions 30 cm.
336 ## - CONTENT TYPE
Source rdacontent
Content type term text
Content type code txt
337 ## - MEDIA TYPE
Source rdamedia
Media type term unmediated
Media type code n
338 ## - CARRIER TYPE
Source rdacarrier
Carrier type term volume
Carrier type code nc
500 ## -
Typescript Dissertation submitted in partial fulfilment of the requirements for the Bachelor of Science Honours Degree in Radiography.
501 ## - STUDY LEVEL
-- Dissertation (BSc in Radiography) National University of Science and Technology, 2020.
504 ## - BIBLIOGRAPHY, ETC. NOTE
Bibliography, etc. note Includes bibliographical references.
650 ## - SUBJECT ADDED ENTRY--TOPICAL TERM
Topical term or geographic name entry element Pelvic ultrasound
General subdivision Diagnostic findings.
650 ## - SUBJECT ADDED ENTRY--TOPICAL TERM
Topical term or geographic name entry element Gynaecology
General subdivision Imaging technique.
650 ## - SUBJECT ADDED ENTRY--TOPICAL TERM
Topical term or geographic name entry element Infertility in women
Geographic subdivision Zimbabwe.
700 ## - ADDED ENTRY--PERSONAL NAME
Personal name S. Gunda
Relator term supervisor
942 ## - ADDED ENTRY ELEMENTS (KOHA)
Source of classification or shelving scheme Library of Congress Classification
Koha item type Reference Material
Classification part RC581.U45 MAT
Call number prefix RC
Call number suffix MAT
Suppress in OPAC No
999 ## -
-- 172822
-- 172822
Holdings
Withdrawn status Lost status Source of classification or shelving scheme Damaged status Not for loan Collection Home library Current library Shelving location Date acquired Cost, normal purchase price Total Checkouts Full call number Barcode Date last seen Accession number Cost, replacement price Price effective from Koha item type
    LCC     NFIC Medical Medical REFERENCE 05/06/2026 5.00   RC581.U45 MAT 92004055996 05/06/2026 SC24/1280 5.00 05/06/2026 BOOKS